[Event "Canada vs. England"]
[Site "CCCA"]
[Date "2007.01.22"]
[Round "1"]
[White "Maurer, Serge"]
[Black "Taylor, Terry J."]
[Result "1/2-1/2"]
[WhiteElo "2387"]
[BlackElo "2458"]
[EventDate "2007.01.22"]
[Board "1"]
[WhiteTeam "Canada"]
[BlackTeam "England"]

1.e4 e5 2.Nf3 Nc6 3.Bb5 a6 4.Bxc6 dxc6 5.O-O f6 6.d4 Bg4 7.dxe5 Qxd1 8.
Rxd1 fxe5 9.Rd3 Bd6 10.Nbd2 Nf6 11.Nc4 O-O 12.Nfxe5 Be2 13.Re3 Bxc4 14.
Nxc4 Bc5 15.Re1 Rae8 16.Be3 Bxe3 17.Rxe3 Rxe4 18.Rxe4 Nxe4 19.f3 Nd6 20.
Ne3 h5 21.Kf2 g5 22.Rd1 g4 23.Rd4 Kh7 24.c4 c5 25.Rd5 Kg6 26.Re5 gxf3 27.
gxf3 c6 28.Kg3 b6 29.f4 Re8 30.Rxe8 Nxe8 31.Nf1 a5 32.Ne3 a4 33.b3 axb3 
34.axb3 Nd6 35.Kf3 b5 36.Ke2 1/2-1/2

[Event "Canada vs. England"]
[Site "CCCA"]
[Date "2007.01.22"]
[Round "2"]
[White "Taylor, Terry J."]
[Black "Maurer, Serge"]
[Result "1-0"]
[WhiteElo "2458"]
[BlackElo "2387"]
[EventDate "2007.01.22"]
[Board "1"]
[WhiteTeam "England"]
[BlackTeam "Canada"]

1.e4 e5 2.Nf3 Nc6 3.Bc4 Bc5 4.c3 Nf6 5.d3 d6 6.O-O O-O 7.Bb3 a6 8.Nbd2 b5 
9.Re1 Be6 10.Nf1 h6 11.d4 Bxb3 12.axb3 exd4 13.Nxd4 Bxd4 14.cxd4 Re8 15.
Ng3 d5 16.e5 Ne4 17.Nf5 Ne7 18.Nxe7+ Qxe7 19.Be3 Ng5 20.Bxg5 Qxg5 21.Qc2 
Qg4 22.Rad1 Rac8 23.f3 Qe6 24.f4 a5 25.Re3 c5 26.dxc5 Qc6 27.Red3 Red8 28.
Rc1 d4 29.Qd2 Qe4 30.h3 Kh7 31.Rf3 b4 32.Rc4 Rc7 33.Rd3 Rcd7 34.Kh1 Kg8 
35.Kh2 Kh7 36.h4 h5 37.c6 Rc7 38.Rcxd4 Rxd4 39.Rxd4 Qxc6 40.Rc4 Rd7 41.
Qc2+ Qg6 42.f5 Qb6 43.Qe2 g6 44.Qf3 Re7 45.Re4 Qc6 46.Qf4 gxf5 47.Qxf5+ 
Qg6 48.Qf3 f5 49.Re3 Re8 50.Qf4 Rg8 51.Rg3 Qe6 52.Rxg8 Kxg8 53.Qg5+ Kf8 
54.Qd8+ Kf7 55.Qxa5 Qxb3 56.Qc7+ Ke8 57.Qc6+ Kd8 58.e6 Qd3 59.b3 f4 60.
Qb6+ Ke7 61.Qxb4+ Kxe6 62.Qc4+ Qxc4 63.bxc4 Kd6 64.Kg1 Kc5 65.Kf2 Kxc4 66.
Kf3 Kd5 67.Kxf4 Ke6 68.Kg5 1-0

[Event "Canada vs. England"]
[Site "CCCA"]
[Date "2007.01.22"]
[Round "1"]
[White "Akwei, Loving"]
[Black "Suto, Janos I."]
[Result "1/2-1/2"]
[WhiteElo "2324"]
[BlackElo "2399"]
[EventDate "2007.01.22"]
[Board "2"]
[WhiteTeam "Canada"]
[BlackTeam "England"]

1.e4 e5 2.Nf3 Nc6 3.Bc4 Bc5 4.c3 Nf6 5.d4 exd4 6.cxd4 Bb4+ 7.Nc3 Nxe4 8.
O-O Bxc3 9.d5 Ne5 10.Qe2 O-O 11.bxc3 Nxc4 12.Qxe4 b5 13.a4 Re8 14.Qd3 Ba6 
15.Ng5 g6 16.Ne4 Qe7 17.Re1 f5 18.axb5 Bxb5 19.Qb1 Qf7 20.Qxb5 Nd6 21.Qa5 
Nxe4 22.Bf4 Qf6 23.c4 c6 24.dxc6 Qxc6 25.Rac1 Qc5 26.Qa2 Nc3 27.Qc2 Rxe1+ 
28.Rxe1 Ne4 29.Be3 Qc6 30.f3 Nc5 31.Bd4 Kf7 32.Qe2 Ne6 33.Ba1 Rc8 34.Qd3 
Qc7 1/2-1/2

[Event "Canada vs. England"]
[Site "CCCA"]
[Date "2007.01.22"]
[Round "2"]
[White "Suto, Janos I."]
[Black "Akwei, Loving"]
[Result "1/2-1/2"]
[WhiteElo "2399"]
[BlackElo "2324"]
[EventDate "2007.01.22"]
[Board "2"]
[WhiteTeam "England"]
[BlackTeam "Canada"]

1.e4 e5 2.Nf3 Nc6 3.Bb5 a6 4.Ba4 b5 5.Bb3 Na5 6.O-O d6 7.d4 exd4 8.Nxd4 
Bb7 9.c4 c5 10.Nf5 g6 11.Ng3 Bg7 12.cxb5 axb5 13.Nc3 Nxb3 14.Qxb3 b4 15.
Nb5 Ba6 16.Bg5 Ne7 17.a4 O-O 18.Qc2 h6 19.Bf4 Nc6 20.Bxd6 Nd4 21.Qd1 Bxb5 
22.Bxf8 Bxf1 23.Bxg7 Kxg7 24.Kxf1 c4 25.Rc1 Nb3 26.Qxd8 Rxd8 27.Rc2 Ra8 
28.Ke1 Rc8 29.Kd1 Rd8+ 30.Ke1 Rc8 31.Nf1 Nc5 32.Rxc4 Nd3+ 33.Kd2 Rxc4 34.
Kxd3 Rc1 35.Ne3 Kf8 36.a5 1/2-1/2

[Event "Canada vs. England"]
[Site "CCCA"]
[Date "2007.01.22"]
[Round "1"]
[White "Marchant, Murray"]
[Black "Rhodes, John D."]
[Result "1/2-1/2"]
[WhiteElo "2263"]
[BlackElo "2395"]
[EventDate "2007.01.22"]
[Board "3"]
[WhiteTeam "Canada"]
[BlackTeam "England"]

1.e4 e5 2.Nf3 Nc6 3.Bb5 Nf6 4.O-O Bc5 5.Nxe5 Nxe4 6.Qe2 Nxe5 7.d4 Qe7 8.
Qxe4 Nc6 9.Qxe7+ Bxe7 10.c3 a6 11.Bc4 d6 12.Re1 O-O 13.Bf4 g5 14.Bg3 Re8 
15.Nd2 Bf5 16.Nf1 Bf6 17.Ne3 Ne7 18.Nxf5 Nxf5 19.h3 c5 20.dxc5 Nxg3 21.
fxg3 dxc5 22.Rxe8+ Rxe8 23.a4 Rd8 24.Rf1 Kg7 25.a5 h6 26.g4 Rd2 27.Rf2 
Rd1+ 28.Rf1 Rd2 29.Rf2 Rd1+ 30.Rf1 Rd2 31.Rf2 1/2-1/2

[Event "Canada vs. England"]
[Site "CCCA"]
[Date "2007.01.22"]
[Round "2"]
[White "Rhodes, John D."]
[Black "Marchant, Murray"]
[Result "1-0"]
[WhiteElo "2395"]
[BlackElo "2263"]
[EventDate "2007.01.22"]
[Board "3"]
[WhiteTeam "England"]
[BlackTeam "Canada"]

1.f4 d5 2.Nf3 g6 3.e3 Nf6 4.Bb5+ c6 5.Be2 Bg7 6.d4 Bf5 7.O-O Nbd7 8.Nc3 h5
9.Nh4 e6 10.a4 a5 11.b3 Bf8 12.Nxf5 gxf5 13.Bb2 h4 14.Rf3 h3 15.Rxh3 Rxh3 
16.gxh3 Qc7 17.Qe1 O-O-O 18.Qh4 Be7 19.Kh1 Nf8 20.Qf2 Ng6 21.Rg1 Rh8 22.
Qf1 Bb4 23.Nd1 Ne4 24.Nf2 Nxf2+ 25.Qxf2 Rxh3 26.Bf1 Rh7 27.c3 Be7 28.c4 
Bb4 29.c5 b6 30.cxb6 Qxb6 31.Qe2 Kc7 32.Bc1 Rh8 33.Qa6 Qxa6 34.Bxa6 Kd7 
35.Be2 Rb8 36.Kg2 Be7 37.Bd1 Bb4 38.Rh1 Rh8 39.Be2 f6 40.Rg1 Kd6 41.Kh1 
Rh6 42.Rg2 c5 43.dxc5+ Kxc5 44.Bb2 Kd6 45.Bxf6 Nxf4 46.Bg7 Nxg2 47.Bxh6 
Nh4 48.Bh5 Kd7 49.Bg7 Be7 50.Bc3 Bd8 51.Kg1 Bg5 52.Be1 Bd8 53.Kf2 e5 54.b4
axb4 55.Bxb4 f4 56.exf4 exf4 57.a5 Bc7 58.Be1 Kc6 59.a6 Bb6+ 60.Ke2 Nf5 
61.Be8+ Kc7 62.Bd2 Ne3 63.h4 Bc5 64.Ba5+ Kb8 65.h5 Nf5 66.Bd2 Ka7 67.Bxf4 
Kxa6 68.Bd7 Nd6 69.h6 Ne4 70.h7 Bd4 71.Bf5 Nc3+ 72.Kf3 Bh8 73.Bd3+ Kb6 74.
Kg4 1-0

[Event "Canada vs. England"]
[Site "CCCA"]
[Date "2007.01.22"]
[Round "1"]
[White "Deidun Jr., Joe"]
[Black "Sheppard, Barry S."]
[Result "1/2-1/2"]
[WhiteElo "2239"]
[BlackElo "2163"]
[EventDate "2007.01.22"]
[Board "4"]
[WhiteTeam "Canada"]
[BlackTeam "England"]

1.d4 Nf6 2.c4 e6 3.Nf3 b6 4.a3 Bb7 5.Nc3 d5 6.Bg5 Be7 7.e3 O-O 8.cxd5 exd5
9.Qc2 c5 10.Bd3 Nbd7 11.Bf4 c4 12.Bf5 g6 13.Bh3 Bc6 14.O-O Re8 15.Rfd1 Nh5
16.Bh6 Qc7 17.Bxd7 Qxd7 18.Ne5 Qe6 19.e4 dxe4 20.Nxc6 Qxc6 21.d5 Qd7 22.
Nxe4 Rac8 23.d6 Bf6 24.Nxf6+ Nxf6 25.h3 Re6 26.Bf4 Nh5 27.Bh2 Nf6 28.f3 
Qc6 29.Rac1 b5 30.Qf2 a6 31.Qd4 Rce8 32.b3 Rc8 33.Rc2 Nd7 34.bxc4 bxc4 35.
Rdc1 Qb6 36.Qxb6 Nxb6 37.Rb1 Nd7 38.Rb7 Ne5 39.Ra7 Kf8 40.Rxa6 Ke8 41.Ra7 
Rc5 42.Rd2 c3 43.d7+ Nxd7 44.Rdxd7 c2 45.Bf4 c1=Q+ 46.Bxc1 Rxc1+ 47.Kf2 
Rc2+ 48.Kg3 Rf6 49.a4 Ra2 50.Rdb7 Kf8 51.Rb5 Re6 52.Rb8+ Kg7 53.Rbb7 Rf6 
54.h4 Rf5 55.Rd7 h5 56.Rdc7 Kg8 57.Rc4 g5 58.Kh3 Ra1 59.Kh2 Ra2 60.Ra8+ 
Kg7 61.Kh3 Ra1 62.Kg3 gxh4+ 63.Rxh4 Ra2 64.Kh3 Ra1 65.Kh2 Ra2 66.Rh3 
1/2-1/2

[Event "Canada vs. England"]
[Site "CCCA"]
[Date "2007.01.22"]
[Round "2"]
[White "Sheppard, Barry S."]
[Black "Deidun Jr., Joe"]
[Result "1-0"]
[WhiteElo "2163"]
[BlackElo "2239"]
[EventDate "2007.01.22"]
[Board "4"]
[WhiteTeam "England"]
[BlackTeam "Canada"]

1.e4 c6 2.d4 d5 3.e5 c5 4.dxc5 Nc6 5.Bb5 e6 6.Be3 Ne7 7.c3 Nf5 8.Qe2 Bd7 
9.Bxc6 Bxc6 10.Nf3 Qa5 11.b4 Qa4 12.Nd4 Nxd4 13.Bxd4 Be7 14.O-O a5 15.Qb2 
Bb5 16.Re1 O-O 17.a3 Bd3 18.Nd2 Qd7 19.Nb3 a4 20.Nc1 Bc4 21.Qd2 Qc6 22.Nd3
Qa6 23.Nf4 Rfc8 24.Re3 Kh8 25.Rh3 Rc7 26.Nh5 Rg8 27.Qc2 h6 28.Nf6 Bd3 29.
Rxd3 gxf6 30.exf6 Bf8 31.Re3 Qc6 32.f4 Rc8 33.Rae1 Qd7 34.Qe2 Kh7 35.Qd3+ 
Kh8 36.f5 exf5 37.Re7 Bxe7 38.Rxe7 Qc6 39.b5 Qe8 40.Rxe8 Rcxe8 41.Qxf5 Rg5
42.Qd7 1-0

[Event "Canada vs. England"]
[Site "CCCA"]
[Date "2007.01.22"]
[Round "1"]
[White "Hryniw, Michael"]
[Black "Lightowlers, Oliver"]
[Result "1/2-1/2"]
[WhiteElo "2225"]
[BlackElo "2377"]
[EventDate "2007.01.22"]
[Board "5"]
[WhiteTeam "Canada"]
[BlackTeam "England"]

1.c4 e6 2.Nc3 Nf6 3.e4 e5 4.Nf3 Nc6 5.a3 Bc5 6.Nxe5 Nxe5 7.d4 Bxd4 8.Qxd4 
Nc6 9.Qe3 d6 10.Be2 O-O 11.O-O Re8 12.b4 Nxe4 13.Nxe4 f5 14.Nf6+ gxf6 15.
Qd2 Ne5 16.Bb2 Be6 17.Rac1 Qe7 18.f4 Ng6 19.Bf3 c6 20.b5 c5 21.Rfe1 Qf7 
22.Re3 Rad8 23.Rd3 Nh4 24.Be2 d5 25.cxd5 Rxd5 26.Rxd5 Bxd5 27.Bh5 Qxh5 28.
Qxd5+ Qf7 29.Qxc5 Qe6 30.Qf2 Ng6 31.g3 a6 32.a4 Kg7 33.Qd2 Nh8 34.bxa6 
bxa6 35.a5 Nf7 36.Bd4 Kg6 1/2-1/2

[Event "Canada vs. England"]
[Site "CCCA"]
[Date "2007.01.22"]
[Round "2"]
[White "Lightowlers, Oliver"]
[Black "Hryniw, Michael"]
[Result "0-1"]
[WhiteElo "2377"]
[BlackElo "2225"]
[EventDate "2007.01.22"]
[Board "5"]
[WhiteTeam "England"]
[BlackTeam "Canada"]

1.e4 c5 2.Nf3 d6 3.c3 Nf6 4.Be2 g6 5.O-O Bg7 6.Bb5+ Bd7 7.Bxd7+ Nfxd7 8.
Re1 Nc6 9.d4 cxd4 10.cxd4 O-O 11.Nc3 Nb6 12.d5 Ne5 13.Nxe5 Bxe5 14.Nb5 a6 
15.Nd4 Rc8 16.Nf3 Bg7 17.Be3 Nc4 18.Bd4 Bxd4 19.Nxd4 Qa5 20.b3 Ne5 21.f4 
Nd7 22.Qe2 Rc7 23.Rad1 Rfc8 24.f5 Nf6 25.fxg6 hxg6 26.h4 Rc3 27.Qd2 Qc5 
28.Qg5 Re8 29.Kh1 Nh5 30.Nf5 Qf2 31.Rf1 Ng3+ 32.Nxg3 Qxg3 33.Qxg3 Rxg3 34.
Rf4 Rc8 35.Rdf1 f6 36.Kh2 Re3 37.Rg4 Kf7 38.Rf3 Re1 39.a4 b5 40.axb5 axb5 
41.Kg3 b4 42.Kf4 Rc2 43.Rd3 Rb2 44.h5 g5+ 45.Kg3 Kg7 46.Kh2 Kh6 47.Rgg3 
Rxe4 48.Rge3 Re5 0-1

[Event "Canada vs. England"]
[Site "CCCA"]
[Date "2007.01.22"]
[Round "1"]
[White "Oaker, William"]
[Black "Fraser, Fred"]
[Result "1/2-1/2"]
[WhiteElo "2221"]
[BlackElo "2345"]
[EventDate "2007.01.22"]
[Board "6"]
[WhiteTeam "Canada"]
[BlackTeam "England"]

1.f4 d5 2.Nf3 Nf6 3.e3 g6 4.Be2 Bg7 5.d3 O-O 6.O-O c5 7.Nc3 d4 8.Ne4 Qb6 
9.Nxf6+ exf6 10.e4 Nc6 11.f5 gxf5 12.Nd2 fxe4 13.Nxe4 Ne5 14.Ng3 Re8 15.
Nh5 Bd7 16.Qe1 Kh8 17.Nxg7 Kxg7 18.Qh4 Re6 19.Bf4 Rg8 20.Rf2 Ng6 21.Qh6+ 
Kh8 22.Raf1 f5 23.Bg3 Ne7 24.Qh4 Rg7 25.b3 Ng6 26.Qg5 f6 27.Qh6 Qd8 28.Bh5
Re3 29.Rf3 Rxf3 1/2-1/2

[Event "Canada vs. England"]
[Site "CCCA"]
[Date "2007.01.22"]
[Round "2"]
[White "Fraser, Fred"]
[Black "Oaker, William"]
[Result "1/2-1/2"]
[WhiteElo "2345"]
[BlackElo "2221"]
[EventDate "2007.01.22"]
[Board "6"]
[WhiteTeam "England"]
[BlackTeam "Canada"]

1.e4 d6 2.d4 Nf6 3.Nc3 e5 4.Nf3 Nbd7 5.Bc4 Be7 6.O-O O-O 7.Re1 c6 8.a4 b6 
9.d5 cxd5 10.Nxd5 Bb7 11.b3 Rc8 12.Ba3 Nxd5 13.exd5 Nc5 14.Qe2 Rc7 15.Rad1
Bc8 16.h3 Bf5 17.Bb5 Bg6 18.Bc6 Bh5 19.b4 e4 20.g4 exf3 21.Qxf3 Bg6 22.
bxc5 bxc5 23.Bb2 Bh4 24.Re2 f5 25.Rde1 fxg4 26.Qxg4 a6 27.a5 Rcf7 28.Re8 
Bxf2+ 29.Kh2 Qh4 30.R1e2 Qxg4 31.hxg4 Bh4 32.Kh3 Bg5 33.Rxf8+ Rxf8 34.Bd7 
Rf3+ 35.Kg2 Re3 36.Be6+ Bf7 37.Rxe3 Bxe3 38.Bxf7+ Kxf7 39.Bc3 Bf4 40.Kf3 
g5 41.Be1 Kf6 42.c4 Kg6 43.Ke4 h5 44.gxh5+ Kxh5 45.Kf5 Be5 46.Bf2 Bh2 47.
Be1 g4 48.Ke6 Kg5 49.Kd7 1/2-1/2

[Event "Canada vs. England"]
[Site "CCCA"]
[Date "2007.01.22"]
[Round "1"]
[White "Dufour, Michael"]
[Black "Wharrier, Jo A."]
[Result "1/2-1/2"]
[WhiteElo "2193"]
[BlackElo "2343"]
[EventDate "2007.01.22"]
[Board "7"]
[WhiteTeam "Canada"]
[BlackTeam "England"]

1.e4 e5 2.Nf3 Nc6 3.Bb5 Bc5 4.c3 f5 5.d4 fxe4 6.Bxc6 dxc6 7.Nxe5 Bd6 8.
Qh5+ g6 9.Qe2 Bf5 10.Bf4 Nf6 11.Nd2 Qe7 12.O-O O-O-O 13.f3 Nd5 14.Bg3 Bxe5
15.Bxe5 exf3 16.Nxf3 Rhe8 17.Rae1 c5 18.Qc4 Nb6 19.Qxc5 Qxc5 20.dxc5 Nc4 
21.Bf6 Rxe1 22.Rxe1 Rf8 23.Be7 Re8 24.b3 Nb2 25.Bg5 Rxe1+ 26.Nxe1 Nd3 27.
Nxd3 Bxd3 28.Kf2 Bb1 29.a3 b5 30.cxb6 cxb6 31.Ke3 Ba2 32.b4 Bd5 33.g3 b5 
34.Kd4 Be6 35.Kc5 Bc4 36.Kc6 1/2-1/2

[Event "Canada vs. England"]
[Site "CCCA"]
[Date "2007.01.22"]
[Round "2"]
[White "Wharrier, Jo A."]
[Black "Dufour, Michael"]
[Result "1-0"]
[WhiteElo "2343"]
[BlackElo "2193"]
[EventDate "2007.01.22"]
[Board "7"]
[WhiteTeam "England"]
[BlackTeam "Canada"]

1.e4 e5 2.Nf3 Nc6 3.Bb5 Nf6 4.O-O Nxe4 5.d4 Nd6 6.Bxc6 dxc6 7.dxe5 Nf5 8.
Qxd8+ Kxd8 9.Rd1+ Ke8 10.Nc3 Ne7 11.Nd4 Ng6 12.f4 Bg4 13.Nce2 Bc5 14.Kf2 
f6 15.exf6 Kf7 16.b4 Bxd4+ 17.Rxd4 gxf6 18.h3 Be6 19.g4 f5 20.gxf5 Bxf5 
21.Ng3 Bc8 22.f5 Ne7 23.Bb2 h5 24.f6 Nd5 25.Rh4 a5 26.b5 cxb5 27.Ne4 Bf5 
28.Ng5+ Kg6 29.Nf3 Kf7 30.Rd1 c6 31.Ng5+ Kg6 32.Rg1 Rhg8 33.Ne4+ Kf7 34.
Nd6+ Ke6 35.Nxf5 Kxf5 36.Rxh5+ Ke6 37.Re1+ Kd7 38.Rh7+ Kd6 39.Be5+ 1-0

[Event "Canada vs. England"]
[Site "CCCA"]
[Date "2007.01.22"]
[Round "1"]
[White "Yetman III, Ed"]
[Black "Ward, Richard"]
[Result "0-1"]
[WhiteElo "2174"]
[BlackElo "2337"]
[EventDate "2007.01.22"]
[Board "8"]
[WhiteTeam "Canada"]
[BlackTeam "England"]

1.d4 Nf6 2.Nf3 g6 3.g3 Bg7 4.Bg2 O-O 5.O-O d6 6.c4 Nc6 7.Nc3 a6 8.Re1 Rb8 
9.Rb1 Na5 10.Qa4 b6 11.Nd5 Bd7 12.Qc2 c5 13.Nxf6+ Bxf6 14.dxc5 bxc5 15.Bf4
Nc6 16.a3 Bf5 17.e4 Bg4 18.Nd2 Qd7 19.Be3 Bg7 20.b3 Bh3 21.Bh1 f5 22.Qd3 
Ne5 23.Qe2 Bg4 24.Qf1 fxe4 25.Bxe4 Bf5 26.Bf4 Bxe4 27.Rxe4 Qf5 28.Bxe5 
Bxe5 29.Ree1 Bd4 30.Ne4 e6 31.Re2 d5 32.Nd2 Qd3 33.cxd5 exd5 34.Rd1 Qf5 
35.Qg2 Rbe8 36.Rxe8 Bxf2+ 37.Kh1 Rxe8 38.Nf3 Be3 39.Nh4 Qe4 40.Re1 Qd3 41.
Qb2 Rf8 42.Qe2 Qxe2 43.Rxe2 d4 44.Kg2 a5 45.Nf3 Rb8 46.Nd2 Bxd2 47.Rxd2 
Rxb3 48.a4 d3 49.Kf3 c4 50.Ke4 Rb1 51.h3 c3 0-1

[Event "Canada vs. England"]
[Site "CCCA"]
[Date "2007.01.22"]
[Round "2"]
[White "Ward, Richard"]
[Black "Yetman III, Ed"]
[Result "1-0"]
[WhiteElo "2337"]
[BlackElo "2174"]
[EventDate "2007.01.22"]
[Board "8"]
[WhiteTeam "England"]
[BlackTeam "Canada"]

1.d4 Nf6 2.Bg5 e6 3.e4 Be7 4.Nd2 d5 5.e5 Nfd7 6.Bxe7 Qxe7 7.c3 c5 8.a3 
cxd4 9.cxd4 Nc6 10.Ndf3 Nb6 11.Bd3 Bd7 12.Ne2 O-O-O 13.Qd2 Kb8 14.b4 Rc8 
15.b5 Nd8 16.O-O f6 17.a4 Nf7 18.Qe3 f5 19.Nd2 g5 20.Rfb1 h5 21.a5 f4 22.
Qf3 Na8 23.b6 Bc6 24.bxa7+ Kxa7 25.Bg6 Rh6 26.Bc2 Rhh8 27.Qb3 Rhg8 28.Rc1 
Rg7 29.Bd3 Nd8 30.Nc3 Rc7 31.a6 b6 32.Ndb1 g4 33.Na3 Kb8 34.Nab5 g3 35.a7+
Kc8 36.Nd6+ Kd7 37.fxg3 Qg5 38.Ncb5 fxg3 39.h3 Qe3+ 40.Kh1 Rg4 41.Nf5 Qg5 
42.Nxc7 exf5 43.Rxc6 Nxc6 44.Qxd5+ Kxc7 45.Qd6+ Kb7 46.Qd7+ Nc7 47.a8=Q# 
1-0

[Event "Canada vs. England"]
[Site "CCCA"]
[Date "2007.01.22"]
[Round "1"]
[White "Bristol, Michael"]
[Black "Doye, Peter C."]
[Result "0-1"]
[WhiteElo "2176"]
[BlackElo "2313"]
[EventDate "2007.01.22"]
[Board "9"]
[WhiteTeam "Canada"]
[BlackTeam "England"]

1.d4 Nf6 2.Nf3 g6 3.Nc3 d5 4.Bf4 Bg7 5.e3 O-O 6.Be2 c5 7.Ne5 Bf5 8.g4 Be6 
9.Qd2 Ne4 10.Nxe4 dxe4 11.O-O-O cxd4 12.exd4 Qc8 13.d5 Rd8 14.Qa5 b6 15.
Qb5 Bxe5 16.Bxe5 Bxg4 17.Rhe1 Bf5 18.Bc3 Nd7 19.f3 Nc5 20.Qb4 Qc7 21.Qd4 
Qf4+ 22.Kb1 f6 23.Bd2 Qd6 24.Bb4 exf3 25.Bxf3 e5 26.Qh4 a5 27.Bc3 b5 28.
Bg4 Bxg4 29.Qxg4 b4 30.Bd2 f5 31.Qh4 Ne4 32.Bg5 Rd7 33.Rxe4 fxe4 34.Qxe4 
a4 35.h4 Ra5 36.h5 gxh5 37.Be3 Rxd5 38.Rxd5 Qxd5 39.Qxb4 Qd1+ 40.Bc1 Qd4 
0-1

[Event "Canada vs. England"]
[Site "CCCA"]
[Date "2007.01.22"]
[Round "2"]
[White "Doye, Peter C."]
[Black "Bristol, Michael"]
[Result "1-0"]
[WhiteElo "2313"]
[BlackElo "2176"]
[EventDate "2007.01.22"]
[Board "9"]
[WhiteTeam "England"]
[BlackTeam "Canada"]

1.Nf3 e6 2.d4 d5 3.c4 c6 4.e3 Nd7 5.Nc3 f5 6.Bd3 Bd6 7.cxd5 cxd5 8.Nb5 Bb8
9.Bd2 Ne7 10.Bb4 O-O 11.O-O a6 12.Nd6 Nc6 13.Ba3 Nf6 14.Nxc8 Re8 15.Ne5 
Nxe5 16.dxe5 Bxe5 17.f4 Bc7 18.Ne7+ Rxe7 19.Bxe7 Qxe7 20.Qd2 Bb6 21.Kh1 
Qc5 22.Rf3 Rc8 23.a3 Ne4 24.Qe2 Nd6 25.Rg1 Bd8 26.g4 fxg4 27.Rxg4 Bf6 28.
Rg1 h6 29.Rfg3 Kf8 30.Qg2 Rc7 31.Rg6 Rf7 32.Qh3 Re7 33.Qg4 Ke8 34.Qe2 Kf8 
35.R6g2 Rc7 36.Qf3 Nc4 37.Rc2 Qb6 38.Rgc1 Qb3 39.e4 Nd2 40.Qe2 Rxc2 41.
Bxc2 Qf3+ 42.Qxf3 Nxf3 43.e5 Bd8 44.Bd1 Nd4 45.Rc8 Ke8 46.Rb8 b5 47.Rb7 
Be7 48.Bh5+ Kd8 49.Bf7 g5 50.f5 Nxf5 51.Bxe6 1-0

[Event "Canada vs. England"]
[Site "CCCA"]
[Date "2007.01.22"]
[Round "1"]
[White "Verde, Pino"]
[Black "Williams, Dr. Stephen M."]
[Result "1-0"]
[WhiteElo "2154"]
[BlackElo "2298"]
[EventDate "2007.01.22"]
[Board "10"]
[WhiteTeam "Canada"]
[BlackTeam "England"]

1.e4 e5 2.Nf3 Nc6 3.Bc4 Bc5 4.c3 Nf6 5.d4 exd4 6.cxd4 Bb4+ 7.Nc3 Nxe4 8.
O-O Bxc3 9.d5 Bf6 10.Re1 Ne7 11.Rxe4 d6 12.Bg5 Bxg5 13.Nxg5 O-O 14.Nxh7 
Kxh7 15.Qh5+ Kg8 16.Rh4 f5 17.Qh7+ Kf7 18.Rh6 Rg8 19.Re1 Kf8 20.Rh3 b5 21.
Bb3 Bd7 22.Rhe3 Nc8 23.Bc2 Qf6 24.Bxf5 Qxf5 25.Re8+ Bxe8 26.Qxf5+ Bf7 27.
Qd7 g6 28.Re4 Rh8 29.Qd8+ Kg7 30.Qxc7 Kg8 31.Rf4 Rh7 32.Qd8+ Kg7 33.h4 Nb6
34.Qxd6 Rf8 35.g4 Re8 36.g5 Rf8 37.Qe5+ Kg8 38.d6 a6 39.Qd4 Nd7 40.Re4 Rc8
41.b3 Rc1+ 42.Kg2 Rc5 43.Kg3 1-0

[Event "Canada vs. England"]
[Site "CCCA"]
[Date "2007.01.22"]
[Round "2"]
[White "Williams, Dr. Stephen M."]
[Black "Verde, Pino"]
[Result "1/2-1/2"]
[WhiteElo "2298"]
[BlackElo "2154"]
[EventDate "2007.01.22"]
[Board "10"]
[WhiteTeam "England"]
[BlackTeam "Canada"]

1.e4 c5 2.Nc3 d6 3.g3 Nf6 4.Bg2 Nc6 5.d3 e6 6.f4 Be7 7.Nf3 O-O 8.O-O a6 9.
h3 Qc7 10.Be3 d5 11.e5 Nd7 12.d4 b5 13.dxc5 Bb7 14.Qe2 Nxc5 15.a3 Rac8 16.
Kh2 Nd7 17.Nd4 Nxd4 18.Bxd4 Bc5 19.Bxc5 Qxc5 20.f5 Bc6 21.fxe6 fxe6 22.Qg4
Rxf1 23.Rxf1 Re8 24.Re1 Bb7 25.h4 h6 26.Re2 a5 27.Na2 Qc4 28.Qg6 Qxe2 29.
Qxe8+ Nf8 30.Nc3 Qxc2 31.Qxb5 d4 32.Qxb7 dxc3 33.bxc3 Qxc3 34.Qe7 Qxe5 35.
Bh3 Qe3 36.Qd6 Qf2+ 37.Bg2 g5 1/2-1/2

[Event "Canada vs. England"]
[Site "CCCA"]
[Date "2007.01.22"]
[Round "1"]
[White "Rosenhek, Marvin"]
[Black "Sowden, Edward C."]
[Result "1-0"]
[WhiteElo "2130"]
[BlackElo "2295"]
[EventDate "2007.01.22"]
[Board "11"]
[WhiteTeam "Canada"]
[BlackTeam "England"]

1.e4 e6 2.d4 d5 3.Nc3 Nf6 4.e5 Nfd7 5.f4 c5 6.Nf3 Nc6 7.Be3 cxd4 8.Nxd4 
Bc5 9.Qd2 O-O 10.g3 a6 11.Bg2 Nxd4 12.Bxd4 b5 13.Ne2 Qc7 14.a3 Nb6 15.b3 
Bb7 16.Qe3 Nd7 17.O-O Rac8 18.c3 Rfe8 19.Rfc1 Be7 20.b4 Qc4 21.Rd1 Bd8 22.
Nc1 Qc7 23.a4 bxa4 24.Rxa4 Nb6 25.Ra2 Nc4 26.Qf2 a5 27.Nd3 axb4 28.cxb4 
Be7 29.f5 exf5 30.Qxf5 g6 31.Qf4 Qd8 32.Rf1 Rf8 33.Ra7 Bc6 34.e6 fxe6 35.
Bh3 1-0

[Event "Canada vs. England"]
[Site "CCCA"]
[Date "2007.01.22"]
[Round "2"]
[White "Sowden, Edward C."]
[Black "Rosenhek, Marvin"]
[Result "1/2-1/2"]
[WhiteElo "2295"]
[BlackElo "2130"]
[EventDate "2007.01.22"]
[Board "11"]
[WhiteTeam "England"]
[BlackTeam "Canada"]

1.e4 c5 2.Nc3 Nc6 3.g3 g6 4.Bg2 Bg7 5.d3 d6 6.Be3 Rb8 7.Qd2 b5 8.Nge2 Nd4 
9.O-O b4 10.Nd1 e6 11.Nc1 Ne7 12.c3 bxc3 13.bxc3 Ndc6 14.Bh6 O-O 15.Bxg7 
Kxg7 16.Ne3 h5 17.f4 Qc7 18.f5 f6 19.fxg6 Nxg6 20.d4 cxd4 21.cxd4 Ba6 22.
Rf2 Qa5 23.d5 Qxd2 24.Rxd2 exd5 25.Rxd5 Nge5 26.Rxd6 Rb2 27.Nb3 Rd8 28.
Nf5+ Kf7 29.Rxd8 Nxd8 30.Nbd4 Bd3 31.a3 Ndc6 32.Nd6+ Ke7 33.Nxc6+ Kxd6 34.
Nxa7 Be2 35.Rc1 Bf3 1/2-1/2

[Event "Canada vs. England"]
[Site "CCCA"]
[Date "2007.01.22"]
[Round "1"]
[White "Sladek, Vas"]
[Black "Chambers, Duncan"]
[Result "1/2-1/2"]
[WhiteElo "2080"]
[BlackElo "2277"]
[EventDate "2007.01.22"]
[Board "12"]
[WhiteTeam "Canada"]
[BlackTeam "England"]

1.d4 e6 2.c4 Nf6 3.Nc3 Bb4 4.e3 b6 5.Ne2 Ba6 6.Qa4 c5 7.a3 Bxc3+ 8.Nxc3 
O-O 9.dxc5 bxc5 10.Be2 d5 11.O-O Qd7 12.Qxd7 Nbxd7 13.cxd5 Bxe2 14.Nxe2 
exd5 15.b4 Rfb8 16.bxc5 Nxc5 17.Ra2 Na4 18.Bd2 Ne4 19.Nf4 1/2-1/2

[Event "Canada vs. England"]
[Site "CCCA"]
[Date "2007.01.22"]
[Round "2"]
[White "Chambers, Duncan"]
[Black "Sladek, Vas"]
[Result "1/2-1/2"]
[WhiteElo "2277"]
[BlackElo "2080"]
[EventDate "2007.01.22"]
[Board "12"]
[WhiteTeam "England"]
[BlackTeam "Canada"]

1.e4 c5 2.Nf3 e6 3.d4 cxd4 4.Nxd4 Nc6 5.Nc3 Qc7 6.Be3 a6 7.Be2 Nf6 8.a3 b5
9.Nxc6 dxc6 10.f4 Bb7 11.O-O Be7 12.e5 Rd8 13.Qe1 Nd7 14.Ne4 c5 15.Bf3 O-O
16.a4 Bd5 17.axb5 axb5 18.Qg3 b4 19.Rfd1 Qc6 20.Nd2 Nb6 21.Bxd5 Nxd5 22.
Nc4 Qb5 1/2-1/2

[Event "Canada vs. England"]
[Site "CCCA"]
[Date "2007.01.22"]
[Round "1"]
[White "Taylor, Bob"]
[Black "Nierobisz, Jim"]
[Result "1/2-1/2"]
[WhiteElo "2041"]
[BlackElo "2264"]
[EventDate "2007.01.22"]
[Board "13"]
[WhiteTeam "Canada"]
[BlackTeam "England"]

1.d4 Nf6 2.c4 e6 3.g3 d5 4.Bg2 dxc4 5.Qa4+ Bd7 6.Qxc4 Bc6 7.Nf3 Bd5 8.Qd3 
Be4 9.Qd1 c5 10.Nc3 Bc6 11.O-O Nbd7 12.Be3 Be7 13.Rc1 O-O 14.Qc2 Ng4 15.
Bd2 Rc8 16.e4 cxd4 17.Nxd4 Nde5 18.Nxc6 Nxc6 19.Bf4 g5 20.Qe2 Nxf2 21.Qxf2
gxf4 22.gxf4 Qd4 23.Qxd4 Nxd4 24.Rfd1 b5 25.Kf1 Rfd8 26.e5 Nf5 27.Rxd8+ 
Bxd8 28.Be4 Rc4 29.b3 Rd4 30.Kg2 b4 31.Bxf5 Rd2+ 32.Kg3 bxc3 33.Bb1 Ba5 
34.a3 Re2 35.b4 Re3+ 36.Kg4 Bb6 37.h4 Kg7 38.a4 Bd8 39.h5 1/2-1/2

[Event "Canada vs. England"]
[Site "CCCA"]
[Date "2007.01.22"]
[Round "2"]
[White "Nierobisz, Jim"]
[Black "Taylor, Bob"]
[Result "1-0"]
[WhiteElo "2264"]
[BlackElo "2041"]
[EventDate "2007.01.22"]
[Board "13"]
[WhiteTeam "England"]
[BlackTeam "Canada"]

1.e4 c5 2.Nf3 e6 3.d4 cxd4 4.Nxd4 Nc6 5.Nc3 Nf6 6.Ndb5 Bb4 7.a3 Bxc3+ 8.
Nxc3 d5 9.exd5 exd5 10.Bd3 O-O 11.O-O d4 12.Ne2 Bg4 13.Bg5 Bxe2 14.Qxe2 
Re8 15.Qf3 Qd5 16.Qxd5 Nxd5 17.Rfe1 h6 18.Bd2 Ne5 19.Bb5 Nc6 20.Rad1 a6 
21.Bd3 b5 22.g3 Rad8 23.Rxe8+ Rxe8 24.Kf1 Kf8 25.Bf5 Rd8 26.Re1 Rd6 27.Kg2
Nce7 28.Bd3 Nc6 29.a4 bxa4 30.Bxa6 Nce7 31.Bb5 Rb6 32.Bxa4 Rxb2 33.Bb3 Nc3
34.Kf3 Nc6 35.Bc1 Rb1 36.Ba3+ Kg8 37.Re8+ Kh7 38.Bxf7 1-0

[Event "Canada vs. England"]
[Site "CCCA"]
[Date "2007.01.22"]
[Round "1"]
[White "Egan, Michael"]
[Black "Jones, Mrs. Mary E."]
[Result "0-1"]
[WhiteElo "2019"]
[BlackElo "2266"]
[EventDate "2007.01.22"]
[Board "14"]
[WhiteTeam "Canada"]
[BlackTeam "England"]

1.d4 d5 2.c4 e6 3.g3 dxc4 4.Nf3 c5 5.Bg2 Nc6 6.O-O cxd4 7.Qa4 Bd7 8.Qxc4 
Qb6 9.Nbd2 Nf6 10.Nb3 Rc8 11.Nbxd4 Nxd4 12.Qxd4 Bc5 13.Qh4 O-O 14.Ne5 Bb5 
15.Bg5 Be7 16.Bf3 h6 17.Be3 Qa6 18.Bxh6 gxh6 19.Qxh6 Nh7 20.Be4 Ng5 21.Bb1
Qd6 22.Ng6 f5 23.Nxf8 Rxf8 24.Bd3 Bc6 25.Qg6+ Kh8 26.Rfd1 Qd5 27.Qh6+ Nh7 
28.f3 Bg5 29.Qh3 Kg7 30.Kf1 Nf6 31.Be4 Qb5 32.Bxc6 Qxc6 33.Rd3 Ng4 34.Qh5 
Be7 35.h3 Nh2+ 36.Kg2 Rh8 37.Qxh8+ Kxh8 38.Rc3 Qb6 39.Rac1 Nxf3 40.exf3 
Qxb2+ 41.R1c2 Qb1 0-1